NBA Knowledge #2 - Statistics

General Stats
  • This quiz has been taken 71 times
  • The average score is 6 of 10
Answer Stats
Hint Answer % Correct
Vinsanity Vince Carter
100%
Number 30 Splash Brother Stephen Curry
98%
Swaggy P Nick Young
87%
Cavaliers Australian Point Guard Kyrie Irving
76%
Spanish Assist King Ricky Rubio
64%
The Polish Hammer Marcin Gortat
53%
Team that play in the Pepsi Center Denver Nuggets
49%
Rookie Of The Year 2013 Draft Michael Carter-Williams
44%
Floater Alert! Tony Parker
35%
Winner of last years Three Point contest Marco Belinelli
24%
No matching quizzes found
Score Distribution
Percent of People with Each Score
Percentile by Number Answered
Your Score History
You have not taken this quiz